People In History...but with hints. - Statistics

General Stats
  • This quiz has been taken 79 times
  • The average score is 6 of 11
Answer Stats
Hint Answer % Correct
"Discovered" America Christopher Columbus
95%
Founder of the Mongol empire Genghis Khan
91%
Writer of "Frankenstein's monster" Mary Shelley
80%
The most famous national socialist Adolf Hitler
62%
Lakota chief that took on, and won, a battle against the U.S. army. Sitting Bull
61%
Notable Pacific Theater general Douglas MacArthur
54%
Inventor that was obsessed with pigeons Nikola Tesla
45%
Singer that gave Nixon a gun Elvis Presley
39%
Legendary Japanese filmmaker Akira Kurosawa
31%
Philosopher that lived in a barrel Diogenes
31%
Founder of Gonzo Journalism Hunter S. Thompson
28%
No matching quizzes found
Score Distribution
Percent of People with Each Score
Percentile by Number Answered
Your Score History
You have not taken this quiz